Suivez-vous attentivement les JO ? Médailles du 4 août - Statistiques

Statistiques générales
  • Ce quiz a été pris 7 fois
  • Le résultat moyen est 28 sur 55
Statistiques - réponses
Sport Discipline Pays France % Correct
Athlétisme 4 août Or H - 100 M Etats-Unis Pas de Français qualifié
100%
Athlétisme 4 août Bronze H - 100 M Etats-Unis
83%
Athlétisme 4 août Argent H - 100 M Jamaïque
83%
Athlétisme 4 août Or F - Saut en hauteur Ukraine France 11e
83%
Gymnastique artistique 4 août Or F - Barres asymétriques Algérie Pas de Française qualifiée
67%
Natation 4 août Argent F - 4X100 M 4 nages Australie
67%
Athlétisme 4 août Or H - Lancer du marteau Canada France 8e
67%
Gymnastique artistique 4 août Or H - Anneaux Chine France 4e
67%
Gymnastique artistique 4 août Argent H - Anneaux Chine
67%
Natation 4 août Bronze F - 4X100 M 4 nages Chine
67%
Natation 4 août Or H - 4x100 M 4 nages Chine
67%
Tir à l'arc 4 août Or H - Individuel Corée-du-Sud France 1/4 de finale
67%
Tennis 4 août Argent H - Simple Espagne
67%
Golf 4 août Or H Etats-Unis France 4e
67%
Gymnastique artistique 4 août Bronze F - Barres asymétriques Etats-Unis
67%
Natation 4 août Or H - 1500 M nage libre Etats-Unis France 7e
67%
Natation 4 août Or F - 4X100 M 4 nages Etats-Unis France 6e
67%
Natation 4 août Argent H - 4x100 M 4 nages Etats-Unis
67%
Escrime 4 août Bronze H - Fleuret par équipes France
67%
Natation 4 août Bronze H - 4x100 M 4 nages France
67%
Gymnastique artistique 4 août Bronze H - Anneaux Grèce
67%
Escrime 4 août Argent H - Fleuret par équipes Italie
67%
Tennis 4 août Bronze H - Simple Italie
67%
Escrime 4 août Or H - Fleuret par équipes Japon
67%
Tennis 4 août Or H - Simple Serbie Pas de Français en finale
67%
Athlétisme 4 août Argent F - Saut en hauteur Australie
50%
Natation 4 août Argent F - 50 M nage libre Australie
50%
Cyclisme 4 août Bronze F - Sur route course en ligne Belgique
50%
Gymnastique artistique 4 août Argent F - Barres asymétriques Chine
50%
Tir à l'arc 4 août Bronze H - Individuel Corée-du-Sud
50%
Cyclisme 4 août Or F - Sur route course en ligne Etats-Unis France 27e
50%
Natation 4 août Bronze H - 1500 M nage libre Irlande
50%
Tennis 4 août Or F - Double Italie Pas de Française en finale
50%
Golf 4 août Bronze H Japon
50%
Cyclisme 4 août Argent F - Sur route course en ligne Pays-Bas
50%
Natation 4 août Or F - 50 M nage libre Suède Pas de Française en finale
50%
Equitation 4 août Or Dressage Individuel Allemagne France 16e
33%
Equitation 4 août Argent Dressage Individuel Allemagne
33%
Badminton 4 août Argent H - Double Chine
33%
Natation 4 août Bronze F - 50 M nage libre Chine
33%
Tennis 4 août Bronze F - Double Espagne
33%
Athlétisme 4 août Argent H - Lancer du marteau Hongrie
33%
Equitation 4 août Bronze Dressage Individuel Royaume-Uni
33%
Golf 4 août Argent H Royaume-Uni
33%
Athlétisme 4 août Bronze F - Saut en hauteur Ukraine
33%
Gymnastique artistique 4 août Argent H - Saut de cheval Arménie
17%
Athlétisme 4 août Bronze Australie
17%
Tir à l'arc 4 août Argent H - Individuel Etats-Unis
17%
Natation 4 août Argent H - 1500 M nage libre Italie
17%
Badminton 4 août Bronze H - Double Malaisie
17%
Tennis 4 août Argent F - Double Neutres
17%
Gymnastique artistique 4 août Or H - Saut de cheval Philippines Pas de Français qualifié
17%
Gymnastique artistique 4 août Bronze H - Saut de cheval Royaume-Uni
17%
Badminton 4 août Or H - Double Taiwan Pas de Français en finale
17%
Athlétisme 4 août Bronze H - Lancer du marteau Ukraine
17%
Aucun quiz correspondant
Distribution des résultats
% des personnes avec chaque résultat
Percentile par nombre de réponses
Votre historique - résultats
Vous n’avez pas pris ce quiz